Responses for Show #1364 - Thursday, July 5, 1990

Contestants

[<< previous game]

Rich Doyle, a purchasing manager from Simi Valley, California

Angela Lewis, a singer originally from New York City

John Patlan, a social worker from Austin, Texas (whose 2-day cash winnings total $25,202)

Jeopardy! Round responses

19TH CENTURY AMERICA
[The TH was upper case & underlined, about half the size of the 19 and there was space between the underlining and the TH.]
MEDICINE
A.K.A.
4-LETTER WORDS
PIANISTS
THE SOUTHWEST
    $100 1
(Meriwether) Lewis

Rich
    $100 15
head

John
    $100 5
Buddy

Rich
    $100 9
bull

John
    $100 26
Horowitz

Angela
    $100 21
Texas

John
    $200 2
slavery

John
    $200 16
[Rich's lights quickly flicked on then off and he started to respond while Angela's lights went on full as is normal. Alex saw all of it and called on Rich to respond.]

aspirin

Rich
    $200 6
Michele Lee

Angela
    $200 10
root

Rich
    $200 27
Daryl Dragon

Triple Stumper
    $200 22
(Alex: [*], Arizona is right.)

Flagstaff

John
    $300 3
Utah

Rich
    $300 17
cold sores

Rich
    $300 7
Gregory Peck

Angela
    $300 11
(Angela: What is the stamen?)
(John: What is a petal?)

stem

JohnAngelaRich
    $300 28
Chopin

Angela
    $300 23
chili pepper

John
    $400 4
(Henry David) Thoreau

Angela
    $400 18
tetanus

Rich
    $400 8
(John: Who is Blaze? Starr?)

Blaze Starr

John
    $400 12
lady

John
    $400 29
(John: Who is Groucho?)
(Rich: Who is Victor Herbert?)

Chico Marx

JohnRich
Triple Stumper
    $1,000 24
(Alex: We have less than a minute in the round.)

Oklahoma

John
    $500 20
(Rich: What is billiards?)

tennis

JohnRich
    $500 19
(Rich: What is a stroke?)

fainting

Rich
Triple Stumper
    $500 14
Vincent Gardenia

Triple Stumper
    $500 13
fate

Rich
    $500 30
Ferrante & Teicher

Rich
    $500 25
Petrified Forest

Angela

Scores at the first commercial break (after clue 14):

John Angela Rich
$800 $600 $1,500

Scores at the end of the Jeopardy! Round:

John Angela Rich
$2,600 $1,500 $1,500

Double Jeopardy! Round responses

NOVEL CHARACTERS
WORLD HISTORY
SCIENCE
RELIGION
MUSEUMS
NEW ENGLAND
    $200 5
Oliver Twist

Rich
    $200 10
Rome

Rich
    $200 1
Neptune

John
    $200 18
Judas

John
    $200 16
(John: What is Lincoln?)

Omaha

John
Triple Stumper
    $200 26
Rhode Island

John
    $400 6
From Here to Eternity

Rich
    $400 11
Denmark

Rich
    $400 2
isometric

John
    $400 19
Black Mass

Rich
    $400 17
Sioux

John
    $400 27
Cambridge

Angela
    $600 7
Moby Dick

Rich
    $600 12
Chernenko

Angela
    $600 3
lubricant

John
    $600 20
(John: What is Japan?)

India

John
Triple Stumper
    $600 23
San Diego

Rich
    $600 28
Portland

John
    $800 8
(Angela: What is Dracula?)

A Farewell to Arms

Angela
Triple Stumper
    $800 13
(John: Who is Mao Tse-tung?)

Sun Yat-sen

JohnRich
    $800 4
(James) Parkinson

Angela
    $800 21
amulet

Rich
    $800 24
Oak Ridge

Triple Stumper
    $800 30
Berkshires

Angela
    $1000 9
King Solomon's Mine

Triple Stumper
    $1,000 14
(Rich: ...[shakes head no] What is Bruce?)

Stuart

Rich
    $600 15
(Rich: What is a weaving [*]?)

loom

Rich
    $1000 22
surplice

Triple Stumper
    $1000 25
glassmaking

Rich
    $1000 29
Vermont

John

Scores at the end of the Double Jeopardy! Round:

John Angela Rich
$4,600 $3,300 $6,500

[wagering suggestions for these scores]

Final Jeopardy! Round responses

FAMOUS AMERICANS
(Alex: [commenting on Rich's response] Added an S to his name, but that's alright, we don't penalize you for spelling on the Final.)
AngelaWho is Irving Berlin
$3,200
JohnWho is J.P. Sousa?
$459
RichWho was John Philips Sousa?
$2,800
John Philip Sousa

Final scores:

John Angela Rich
$5,059 $100 $9,300
2nd place: Dressher brass bed & bedding emsemble + Jeopardy! home game or computerized version 3rd place: Konica Zf80 camera & film + Jeopardy! home game or computerized version New champion: $9,300

Game dynamics:

Coryat scores:

John Angela Rich
$4,000 $3,300 $7,900
18 R
(including 1 DD),
5 W
10 R,
2 W
21 R
(including 1 DD),
4 W
(including 1 DD)

Combined Coryat: $15,200

[game clues] [game scores] [suggest correction]

Game tape date: 1990-02-13
The J! Archive is created by fans, for fans. Scraping, republication, monetization, and malicious use prohibited; this site may use cookies and collect identifying information. See terms. The Jeopardy! game show and all elements thereof, including but not limited to copyright and trademark thereto, are the property of Jeopardy Productions, Inc. and are protected under law. This website is not affiliated with, sponsored by, or operated by Jeopardy Productions, Inc. Join the discussion at JBoard.tv.